On human freedom (Record no. 195209)

MARC details
000 -LEADER
fixed length control field 00608nam a2200229Ia 4500
003 - CONTROL NUMBER IDENTIFIER
control field OSt
005 - DATE AND TIME OF LATEST TRANSACTION
control field 20220918192550.0
008 - FIXED-LENGTH DATA ELEMENTS--GENERAL INFORMATION
fixed length control field 220917b |||||||| |||| 00| 0 eng d
037 ## - SOURCE OF ACQUISITION
Terms of availability Textual
040 ## - CATALOGING SOURCE
Original cataloging agency ARTS
Transcribing agency ARTS
Language of cataloging eng
041 ## - LANGUAGE CODE
Source of code eng
Language code of text/sound track or separate title eng
100 ## - MAIN ENTRY--PERSONAL NAME
Personal name Laird John
245 #0 - TITLE STATEMENT
Title On human freedom
260 ## - PUBLICATION, DISTRIBUTION, ETC.
Date of publication, distribution, etc. 1947
490 ## - SERIES STATEMENT
Series statement University of Liverspool , forwood lectures on the philosophy of religion , 1945
942 ## - ADDED ENTRY ELEMENTS (KOHA)
Classification part R3:Q:352, H7
Koha item type Textual
Source of classification or shelving scheme Colon Classification (CC)
Holdings
Withdrawn status Lost status Damaged status Not for loan Home library Current library Date acquired Total Checkouts Full call number Barcode Date last seen Price effective from Koha item type
        Arts Library Arts Library 2022-09-18   R3:Q:352 H7 AL0051241 2022-09-18 2022-09-18 Textual
Copyright @ Delhi University Library System